Statistics for [AdyXD] - Largest cities in the UK

Click here to take the quiz!

General Stats

  • This quiz has been taken 80 times
  • The average score is 15 of 20

Answer Stats

Answer % Correct
9,787,426EnglandLondon
100%
503,127EnglandManchester
99%
1,092,330EnglandBirmingham
99%
280,962Northern IrelandBelfast
97%
346,090WalesCardiff
97%
589,900ScotlandGlasgow
97%
468,720ScotlandEdinburgh
96%
466,415EnglandLiverpool
96%
751,485EnglandLeeds
86%
280,177EnglandNewcastle upon Tyne
85%
428,234EnglandBristol
83%
552,698EnglandSheffield
75%
305,680EnglandNottingham
72%
329,839EnglandLeicester
67%
273,369EnglandBrighton & Hove
58%
316,915EnglandCoventry
47%
522,452EnglandBradford
44%
275,506EnglandSunderland
39%
256,406EnglandKingston upon Hull
13%
325,837EnglandWakefield
11%

Score Distribution

Percentile by Number Answered

Percent of People with Each Score

Your Score History

You have not taken this quiz